| 000 | 00840nam a2200253 a 4500 | ||
|---|---|---|---|
| 001 | 000034105 | ||
| 003 | DO-SdBNP | ||
| 005 | 20250924073803.0 | ||
| 007 | ta | ||
| 008 | 110923s1987 dr 000 0 spa d | ||
| 040 |
_aDO-SdBNP _bspa _cBNPHU |
||
| 082 |
_222 _axxx _bB862m |
||
| 100 | 1 |
_aBrito Ureña, Luis Manuel _91096 |
|
| 245 | 1 | 3 |
_aEl merengue y la realidad existencial del hombre dominicano : / _cLuis Manuel Brito Ureña. |
| 260 |
_aSanto Domingo : _bEditora Universitaria-UASD, _c1987. |
||
| 300 |
_aviii, 275 p. ; _c21 cm. |
||
| 490 | 1 |
_aTesis ; _vno.4 |
|
| 490 | 1 |
_aPublicaciones de la Universidad Autónoma de Santo Domingo _v483 |
|
| 590 | _aInventariado, 2023 /DG | ||
| 830 | 0 |
_aTesis ; _nno.4 _959540 |
|
| 830 |
_aPublicaciones de la Universidad Autónoma de Santo Domingo _v483 _952 |
||
| 910 | _aDG | ||
| 942 |
_2ddc _cLBS1 |
||
| 999 |
_c33596 _d33596 |
||